000 00395cam a22001575a 4500
001 L144369
008 080715s xxk f 000 0 eng d
020 _a9781902505848
035 _a(Sirsi) u144369
041 0 _aeng
100 1 _aGordon, Keith
245 0 0 _aPrinciples of Data Management
_bFacilitating Information Sharing
350 _a£28.45
651 4 _aENGLAND AND WALES
942 _n0
999 _c108473
_d108473